चिन्तन और अनुशीलन / (Record no. 48139)

MARC details
000 -LEADER
fixed length control field 01210nam a22002777a 4500
005 - DATE AND TIME OF LATEST TRANSACTION
control field 20101004135757.0
008 - FIXED-LENGTH DATA ELEMENTS--GENERAL INFORMATION
fixed length control field 100928t xxu||||| |||| 00| 0 hin d
010 ## - LCCN (DPL NO)
LC control number HIN-90746
020 ## - INTERNATIONAL STANDARD BOOK NUMBER
Terms of availability 295.00
International Standard Book Number 9788190560931
035 ## - SYSTEM CONTROL NUMBER
System control number HN-63092
037 ## - SOURCE OF ACQUISITION
Source of stock number/acquisition DBAD / PUB
040 ## - CATALOGING SOURCE
Original cataloging agency DPL
Language of cataloging HN
082 ## - DEWEY DECIMAL CLASSIFICATION NUMBER
Classification number 824
100 ## - MAIN ENTRY--PERSONAL NAME
9 (RLIN) 22145
Personal name तिवारी, सियाराम
245 ## - TITLE STATEMENT
Title चिन्तन और अनुशीलन /
Statement of responsibility, etc सियाराम तिवारी
246 ## - VARYING FORM OF TITLE
Title proper/short title Chintan or anusheelan
Remainder of title by Siyaram Tiwari
260 ## - PUBLICATION, DISTRIBUTION, ETC. (IMPRINT)
Place of publication, distribution, etc दिल्ली
Name of publisher, distributor, etc हर्ष पब्लिकेशन्स
Date of publication, distribution, etc 2010
270 ## - ADDRESS
Address 1/10753, द्वितीय तल, सुभाष पार्क, नवीन शाहदरा
City दिल्ली
Postal code 110032
Telephone number 9899938522, 9910189445
300 ## - PHYSICAL DESCRIPTION
Extent 204पृ.
Dimensions 22सेमी (सजिल्द)
650 ## - SUBJECT ADDED ENTRY--TOPICAL TERM
9 (RLIN) 1169
Topical term or geographic name as entry element हिन्दी निबन्ध
650 ## - SUBJECT ADDED ENTRY--TOPICAL TERM
9 (RLIN) 22409
Topical term or geographic name as entry element Hindi Nibandh
700 ## - ADDED ENTRY--PERSONAL NAME
9 (RLIN) 22273
700 ## - ADDED ENTRY--PERSONAL NAME
9 (RLIN) 22352
942 ## - ADDED ENTRY ELEMENTS (KOHA)
Source of classification or shelving scheme Dewey Decimal Classification
Item type Hindi Books
Classification part 824
Call number suffix तिवारी
Holdings
Withdrawn status Lost status Source of classification or shelving scheme Damaged status Not for loan Collection code Home library Current library Date acquired Source of acquisition Cost, normal purchase price Total Checkouts Full call number Barcode Date last seen Copy number Cost, replacement price Koha item type
    Dewey Decimal Classification   Not For Loan Non-fiction D.B.Act.Division D.B.Act.Division 04/10/2010 DBAD / PUB 295.00   824 तिवारी HN-63092 04/10/2010 1 295.00 Hindi Books

© Delhi Public Library
Hit Counter
free hit counter